000 01027nam a2200277Ia 4500
001 21896
005 20260320113322.0
008 260320s9999||||xx |||||||||||||| ||und||
020 _a9788497324700
041 _aESP
082 _a658.84
_bV38 2009
100 _aVázquez Casielles, Rodolfo,
_eAUT
245 0 _aEstrategias de distribución comercial :
_bdiseño del canal de distribución y relación entre fabricantes y detallistas
246 _a
_5
_b
250 _a[Primera edición. Segunda reimpresión]
260 _aMadrid :
_bParaninfo,
_c[2009]
300 _a496 páginas :
_bfiguras, cuadros ;
_c24 cm.
_e
440 _a
_n
_v
500 _aNo tiene portada / Datos extraídos de Worldcat
650 _aTCA
653 _aAdminitración; Mercadeo de exportación; Distribución comercial
654 _aCAN
700 _aTrespalacios Gutiérrez, Juan A.,
_cAUT
856 _uhttps://research-ebsco-com.ucsp.lookproxy.com/c/qxo6us/search
_zVéase además: Base de datos EBSCOhost
942 _cLIB
_dJUS
_fTRC
_2ddc
_n
999 _c21896
_d21896